000 00503nam a2200133 a 4500
008 120416s1968 ||||||||||||||||| || u
050 _aPN 4784 Mod
100 _aMassee, William E
245 1 0 _aModen circulation methods
_cedited by S. Arthur Dembner
260 _aNew York
_bMcGraw-Hill
_c1968
350 _a0.00
700 _aDembner, S. Arthur
995 _D0.00
_FCBU-MAIN LIBRARY (Kitwe)
_H1
_I15.00
_M1
_UAVAILABLE
_ZAnnex Low-Usage Collection
999 _c51399
_d51399